ჩაი და მედიცინა / (ბიბ.ჩანაწერი № 62418)
[ მარტივი ფორმატი ]
| 000 -ლიდერი | |
|---|---|
| ფიქსირებული სიგრძის საკონტროლო ველი | 00942nam a22002057a 4500 |
| 003 - საკონტროლო ნომრის იდენტიფიკატორი | |
| საკონტროლო ველი | Ge_BSU |
| 005 - ბოლო ოპერაციის თარიღი და დრო | |
| საკონტროლო ველი | 20241029101309.0 |
| 008 - ფიქსირებული სიგრძის მონაცემთა ელემენტები - ზოგადი ინფორმაცია | |
| ფიქსირებული სიგრძის საკონტროლო ველი | 241029s1969 ge ||||| |||| 00| 0 geo d |
| 041 ## - ენის კოდი | |
| Language code of text/sound track or separate title | geo |
| 080 ## - უნივერსალური ათობითი კლასიფიკაციის ინდექსი | |
| Universal Decimal Classification number | 615.453.87 მ-40 |
| 100 ## - მთავარი ჩანაწერი - პიროვნების სახელი | |
| Personal name | მგალობლიშვილი, ევგენი |
| 9 (RLIN) | 23535 |
| 245 ## - ცნობა სათაურის შესახებ | |
| Title | ჩაი და მედიცინა / |
| Statement of responsibility, etc | ევგენი მგალობლიშვილი, [წინასიტყვ. რ. სურმანიძისა] |
| 264 ## - წარმოების, გამოცემის, დისტრიბუციის და სხვა ცნობები | |
| გამოცემის, წარმოების, დისტრიბუციის... ადგილი | ბათუმი : |
| გამოცემის, წარმოების, დისტრიბუციის... სახელწოდება | საბჭ. აჭარა, |
| გამოცემის, წარმოების, დისტრიბუციის... თარიღი | 1969. |
| 300 ## - ფიზიკური აღწერა | |
| Extent | 158გვ. : |
| Other physical details | ილ. და ცხრილ. ; |
| Dimensions | 20 სმ. |
| 504 ## - BIBLIOGRAPHY, ETC. NOTE | |
| Bibliography, etc | ბიბლიოგრ.: გვ.155-157. |
| 653 ## - INDEX TERM--UNCONTROLLED | |
| Uncontrolled term | სამკურნალო ჩაი. |
| 653 ## - INDEX TERM--UNCONTROLLED | |
| Uncontrolled term | მედიცინა |
| 700 ## - ADDED ENTRY--PERSONAL NAME | |
| Personal name | სურმანიძე, რ |
| Relator term | წინასიტყვაობის ავტორი |
| 9 (RLIN) | 23536 |
| 942 ## - ADDED ENTRY ELEMENTS (KOHA) | |
| Source of classification or shelving scheme | |
| Koha item type | წიგნი |
| ჩამოწერის სტატუსი | დაკარგული ეგზემპლარის სტატუსი | კლასიფიკაციის წყარო ან თაროზე გაწყობის სქემა | დაზიანების სტატუსი | არ გაიცემა | მუდმივი მდებარეობა (დაცვის ადგილი) | ამჟამინდელი ადგილსამყოფელი | თაროზე განთავსების ადგილი | შეძენის თარიღი | ღირებულება, შესყიდვის ნორმალური ფასი | სრული შენახვის შიფრი | შტრიხკოდი | ბოლო ოპერაციის თარიღი | ეგზემპლარის მიმდევრობითი ნომერი (კეტერი?) | ფასის ძალაში შესვლის თარიღი | ეგზემპლარის სახეობა | საჯარო შენიშვნა |
|---|---|---|---|---|---|---|---|---|---|---|---|---|---|---|---|---|
| ბათუმის შოთა რუსთაველის სახელმწიფო უნივერსიტეტის მთავარი ბიბლიოთეკა | ბათუმის შოთა რუსთაველის სახელმწიფო უნივერსიტეტის მთავარი ბიბლიოთეკა | წიგნსაცავი | 2024-10-29 | 0.82 | 615.453.87 მ-40 | 69511 | 2024-10-29 | 69511 | 2024-10-29 | წიგნი | 0.82თ. | |||||
| ბათუმის შოთა რუსთაველის სახელმწიფო უნივერსიტეტის მთავარი ბიბლიოთეკა | ბათუმის შოთა რუსთაველის სახელმწიფო უნივერსიტეტის მთავარი ბიბლიოთეკა | წიგნსაცავი | 2024-10-29 | 0.82 | 615.453.87 მ-40 | 69512 | 2024-10-29 | 69512 | 2024-10-29 | წიგნი | 0.82თ. | |||||
| ბათუმის შოთა რუსთაველის სახელმწიფო უნივერსიტეტის მთავარი ბიბლიოთეკა | ბათუმის შოთა რუსთაველის სახელმწიფო უნივერსიტეტის მთავარი ბიბლიოთეკა | წიგნსაცავი | 2024-10-29 | 0.82 | 615.453.87 მ-40 | 69513 | 2024-10-29 | 69513 | 2024-10-29 | წიგნი | 0.82თ. | |||||
| ბათუმის შოთა რუსთაველის სახელმწიფო უნივერსიტეტის მთავარი ბიბლიოთეკა | ბათუმის შოთა რუსთაველის სახელმწიფო უნივერსიტეტის მთავარი ბიბლიოთეკა | წიგნსაცავი | 2024-10-29 | 0.82 | 615.453.87 მ-40 | 69514 | 2024-10-29 | 69514 | 2024-10-29 | წიგნი | 0.82თ. | |||||
| ბათუმის შოთა რუსთაველის სახელმწიფო უნივერსიტეტის მთავარი ბიბლიოთეკა | ბათუმის შოთა რუსთაველის სახელმწიფო უნივერსიტეტის მთავარი ბიბლიოთეკა | წიგნსაცავი | 2024-10-29 | 0.82 | 615.453.87 მ-40 | 69515 | 2024-10-29 | 69515 | 2024-10-29 | წიგნი | 0.82თ. |
